000 00589cam a22002171 4500
001 sa 65006853
003 DLC
005 20260227112145.0
008 890315s1964 io 000 0aind
010 _asa 65006853
035 _a(OCoLC)23557147
040 _aDLC
_cMiU
_dDLC
042 _apremarc
043 _aa-io---
050 0 0 _aDS644
_b.A6828
100 1 _aAidit, D. N.,
_d1923-1965.
245 1 0 _aMarxisme-Leninisme dan peng-Indonesiaannja [oleh] D. N. Aidit.
260 _aDjakarta,
_bJajasan Pembaruan,
_c1964.
300 _a63 p.
_c14 cm.
650 0 _aCommunism
_zIndonesia.
999 _c64902
_d64902